[Event "FRA-chT Top 12"]
[Site "Montpellier"]
[Date "2015.06.09"]
[Round "11.8"]
[White "Le Bail, Clara"]
[Black "Plane, Boris"]
[Result "1/2-1/2"]
[WhiteElo "1976"]
[BlackElo "2069"]
[PlyCount "174"]
[EventDate "2015.05.30"]
[EventType "team-tourn"]
[EventRounds "11"]
[EventCountry "FRA"]
[SourceTitle "CBM 166 Extra"]
[Source "ChessBase"]
[SourceDate "2015.06.18"]
[SourceVersion "1"]
[SourceVersionDate "2015.06.18"]
[SourceQuality "1"]
[WhiteTeam "Poitiers Migne"]
[BlackTeam "Bois Colombes"]
[WhiteTeamCountry "FRA"]
[BlackTeamCountry "FRA"]

1. e4 g6 2. d4 Bg7 3. Nf3 d6 4. c3 Nf6 5. Bd3 Nbd7 6. 0-0 0-0 7. Re1 e5 8. Nbd2 Re8 9. a4 a5 10. Nc4 h6 11. h3 exd4 12. cxd4 d5 13. e5 dxc4 14. exf6 Rxe1+ 15. Qxe1 Qxf6 16. Bxc4 Nf8 17. Qe8 b6 18. Ne5 Bb7 19. Qxf7+ Qxf7 20. Bxf7+ Kh7 21. Bd2 Rd8 22. Bc3 Bd5 23. Bxd5 Rxd5 24. Re1 g5 25. g3 Ne6 26. Nf3 Rd6 27. d5 Bxc3 28. bxc3 Nc5 29. Re7+ Kg6 30. Rxc7 Rxd5 31. Rc6+ Kg7 32. Rxb6 Nxa4 33. Rb7+ Kg8 34. c4 Rf5 35. Nd4 Rc5 36. Ra7 Rxc4 37. Nb3 Rc2 38. Rxa5 Nc3 39. Rf5 Ne2+ 40. Kf1 Kg7 41. Rf3 Kg6 42. Re3 Nc3 43. Nd4 Rc1+ 44. Re1 Rxe1+ 45. Kxe1 Nd5 46. Ke2 h5 47. Kf3 Kf6 48. Nc2 Nb6 49. Ne3 Ke5 50. Ng2 Nc4 51. h4 Kf6 52. hxg5+ Kxg5 53. Nh4 Nd2+ 54. Kg2 Kg4 55. f3+ Kg5 56. Kh3 Kf6 57. f4 Ne4 58. Nf3 Nd6 59. Nd4 Kf7 60. Kh4 Kg6 61. Nf3 Nf5+ 62. Kh3 Nh6 63. Nh4+ Kf6 64. Kg2 Ng4 65. Kf3 Nh2+ 66. Ke2 Ke6 67. Nf3 Ng4 68. Nd4+ Kf6 69. Kf3 Nh6 70. Ke4 Ng4 71. Ne2 Kg6 72. Nd4 Kf6 73. Ne2 Nf2+ 74. Kf3 Ng4 75. Nc3 Kf5 76. Nd5 Nh2+ 77. Ke2 h4 78. gxh4 Ke4 79. h5 Ng4 80. Ne3 Nh6 81. Ng2 Ng4 82. Kf1 Kf3 83. Kg1 Nh6 84. Kf1 Nf5 85. Ne1+ Kxf4 86. Kf2 Kg4 87. Nd3 Kxh5 1/2-1/2

[Event "Paris-ch op-A"]
[Site "Paris"]
[Date "2010.07.08"]
[Round "6"]
[White "Denous, Cyprien"]
[Black "Plane, Boris"]
[Result "0-1"]
[WhiteElo "2006"]
[BlackElo "2140"]
[PlyCount "70"]
[EventDate "2010.07.03"]
[EventType "swiss"]
[EventRounds "9"]
[EventCountry "FRA"]
[SourceTitle "CBM 137 Extra"]
[Source "ChessBase"]
[SourceDate "2010.09.01"]
[SourceVersion "1"]
[SourceVersionDate "2010.09.01"]
[SourceQuality "1"]

1. e4 e5 2. Nf3 Nc6 3. d4 exd4 4. Nxd4 Bc5 5. Be3 Qf6 6. Nb5 Bxe3 7. fxe3 Qh4+ 8. g3 Qxe4 9. Nxc7+ Kd8 10. Nxa8 Qxh1 11. Qd6 Nce7 12. Qc7+ Ke8 13. Qb8 Qxh2 14. Nc3 Qxc2 15. Rd1 Nf6 16. Nc7+ Kf8 17. Be2 g6 18. N7d5 Nexd5 19. Qd6+ Kg7 20. Nxd5 Nxd5 21. Qxd5 Qxb2 22. Bc4 Qb4+ 23. Ke2 Qe7 24. Rf1 f6 25. g4 Re8 26. g5 f5 27. Rf3 Qe6 28. Qd4+ Qe5 29. Qh4 d5 30. Bb3 b6 31. Qh6+ Kg8 32. Qh1 Ba6+ 33. Kf2 Bd3 34. Rh3 Be4 35. Qc1 Rf8 0-1

[Event "Paris-ch op-A"]
[Site "Paris"]
[Date "2010.07.07"]
[Round "5"]
[White "Plane, Boris"]
[Black "Iasman, Inna"]
[Result "1-0"]
[WhiteElo "2140"]
[BlackElo "1973"]
[PlyCount "66"]
[EventDate "2010.07.03"]
[EventType "swiss"]
[EventRounds "9"]
[EventCountry "FRA"]
[SourceTitle "CBM 137 Extra"]
[Source "ChessBase"]
[SourceDate "2010.09.01"]
[SourceVersion "1"]
[SourceVersionDate "2010.09.01"]
[SourceQuality "1"]

1. e4 c6 2. d3 d5 3. Nd2 g6 4. Ngf3 Bg7 5. g3 e5 6. Bg2 Ne7 7. 0-0 0-0 8. Re1 Nd7 9. a4 a5 10. b3 Qc7 11. Ba3 Re8 12. Rc1 d4 13. Nc4 c5 14. c3 Nc6 15. cxd4 exd4 16. Nfd2 Nb4 17. Bxb4 axb4 18. f4 f6 19. h4 Nf8 20. Qf3 Bd7 21. g4 Bc6 22. g5 Ne6 23. gxf6 Bxf6 24. Rf1 Bxh4 25. Qg4 Bd8 26. f5 Ng5 27. f6 Nf7 28. e5 Bd7 29. Qh4 Be6 30. Qg3 Kh8 31. Rce1 Ra6 32. Rf2 Bf5 33. Rxf5 Rxf6 1-0

[Event "Bois Colombes op"]
[Site "Bois Colombes"]
[Date "2009.??.??"]
[Round "1"]
[White "Debray, Christopher"]
[Black "Plane, Boris"]
[Result "1-0"]
[WhiteElo "2358"]
[BlackElo "2170"]
[PlyCount "103"]
[EventDate "2009.12.26"]
[EventType "swiss"]
[EventRounds "7"]
[EventCountry "FRA"]
[SourceTitle "CBM 134 Extra"]
[Source "ChessBase"]
[SourceDate "2010.03.03"]
[SourceVersion "1"]
[SourceVersionDate "2010.03.03"]
[SourceQuality "1"]

1. e4 e5 2. Nf3 Nc6 3. Nc3 Nf6 4. d4 exd4 5. Nxd4 d6 6. Bf4 Bd7 7. Qd2 Qe7 8. 0-0-0 0-0-0 9. Bg5 Nxd4 10. Qxd4 c5 11. Qd3 Bc6 12. Qh3+ Qe6 13. Qxe6+ fxe6 14. Bc4 Re8 15. Rhe1 Ng4 16. f4 h6 17. Bh4 g5 18. Bg3 gxf4 19. Bxf4 e5 20. Bg3 h5 21. Kb1 h4 22. h3 hxg3 23. hxg4 Rh4 24. Bf7 Re7 25. Bh5 Rh2 26. Rh1 Rxg2 27. Rhg1 Rh2 28. Rxg3 Rg7 29. Rf3 Be7 30. b3 Bd7 31. Nd5 Rg2 32. Ne3 Re2 33. Nf5 Rh7 34. Bg6 Rhh2 35. Nxe7+ Kd8 36. Nd5 Rxc2 37. Rf8+ Be8 38. Rxe8+ Kd7 39. Nc3 Rxc3 40. Ra8 a6 41. Rc1 Rg3 42. Rc2 Rh1+ 43. Kb2 Kc7 44. Bf5 b5 45. Rxa6 Rgg1 46. Ka3 Rh6 47. Re2 Rg3 48. Ra7+ Kc6 49. Re7 c4 50. Kb4 cxb3 51. axb3 Rhh3 52. Be6 1-0

[Event "Bois Colombes op 2nd"]
[Site "Bois Colombes"]
[Date "2005.12.25"]
[Round "5"]
[White "Thellier, Francis"]
[Black "Plane, Boris"]
[Result "1-0"]
[WhiteElo "2043"]
[BlackElo "2183"]
[PlyCount "38"]
[EventDate "2005.12.21"]
[EventType "swiss"]
[EventRounds "6"]
[EventCountry "FRA"]
[SourceTitle "EXT 2007"]
[Source "ChessBase"]
[SourceDate "2006.11.23"]
[SourceVersion "1"]
[SourceVersionDate "2006.11.23"]
[SourceQuality "1"]

1. e4 e5 2. d3 d6 3. g3 Nf6 4. Bg2 Be7 5. Ne2 c6 6. Nbc3 a5 7. 0-0 Nbd7 8. h3 a4 9. Be3 0-0 10. f4 a3 11. bxa3 Rxa3 12. f5 Qa5 13. Kh2 d5 14. Bd2 Qc5 15. Nb1 Ra6 16. a3 Qa7 17. g4 dxe4 18. dxe4 Nc5 19. Ng3 Rd8 1-0

[Event "Bois Colombes op 2nd"]
[Site "Bois Colombes"]
[Date "2005.12.22"]
[Round "2"]
[White "Plane, Boris"]
[Black "Clarac, Jean Marie"]
[Result "0-1"]
[WhiteElo "2183"]
[BlackElo "2075"]
[PlyCount "72"]
[EventDate "2005.12.21"]
[EventType "swiss"]
[EventRounds "6"]
[EventCountry "FRA"]
[SourceTitle "EXT 2007"]
[Source "ChessBase"]
[SourceDate "2006.11.23"]
[SourceVersion "1"]
[SourceVersionDate "2006.11.23"]
[SourceQuality "1"]

1. e4 c5 2. Nf3 d6 3. d4 cxd4 4. Nxd4 Nf6 5. Nc3 a6 6. Be2 e6 7. 0-0 Be7 8. Be3 Qc7 9. f4 0-0 10. g4 d5 11. exd5 Nxd5 12. Nxd5 exd5 13. Bf3 Nc6 14. c3 Re8 15. Nc2 Bd6 16. Bxd5 Be6 17. Bg2 Bc4 18. Rf2 Rad8 19. Qf3 Bd3 20. Rd1 Be4 21. Qg3 Bxc2 22. Rxc2 Bxf4 23. Rxd8 Qxd8 24. Qxf4 Qd1+ 25. Qf1 Qxc2 26. Bd5 Qg6 27. Qf4 Ne5 28. h3 Nd3 29. Qf3 Ne1 30. Qf2 Nd3 31. Qf3 Nxb2 32. h4 Rxe3 33. Qxe3 Qxg4+ 34. Bg2 Qd1+ 35. Kh2 Qd6+ 36. Kg1 b6 0-1

[Event "Bois Colombes op 2nd"]
[Site "Bois Colombes"]
[Date "2005.12.21"]
[Round "1"]
[White "Chizelle, Bernard"]
[Black "Plane, Boris"]
[Result "0-1"]
[WhiteElo "1980"]
[BlackElo "2183"]
[PlyCount "36"]
[EventDate "2005.12.21"]
[EventType "swiss"]
[EventRounds "6"]
[EventCountry "FRA"]
[SourceTitle "EXT 2007"]
[Source "ChessBase"]
[SourceDate "2006.11.23"]
[SourceVersion "1"]
[SourceVersionDate "2006.11.23"]
[SourceQuality "1"]

1. e4 e5 2. Nf3 Nc6 3. Bb5 a6 4. Ba4 Nf6 5. 0-0 b5 6. Bb3 Bb7 7. Ng5 d5 8. Nc3 Nd4 9. Bxd5 Nxd5 10. Nxf7 Kxf7 11. Nxd5 Bxd5 12. f4 Bxe4 13. fxe5+ Kg8 14. c3 Ne6 15. d4 Qd5 16. Qg4 h5 17. Qg3 Be7 18. Rf6 Bxf6 0-1

[Event "FRA-chT4 0405"]
[Site "Franconville"]
[Date "2004.10.10"]
[Round "1.5"]
[White "Plane, Boris"]
[Black "Preau, Dominique"]
[Result "1-0"]
[WhiteElo "2175"]
[BlackElo "1650"]
[PlyCount "90"]
[EventDate "2004.10.10"]
[EventType "team"]
[EventRounds "7"]
[EventCountry "FRA"]
[SourceTitle "EXT 2007"]
[Source "ChessBase"]
[SourceDate "2006.11.23"]
[SourceVersion "1"]
[SourceVersionDate "2006.11.23"]
[SourceQuality "1"]

1. e4 c6 2. d4 d5 3. exd5 cxd5 4. c4 Nf6 5. Nc3 e6 6. Nf3 Be7 7. cxd5 Nxd5 8. Bd3 0-0 9. 0-0 Nc6 10. Re1 a6 11. Be4 Nxc3 12. bxc3 Qc7 13. Qc2 h6 14. g3 b5 15. a4 bxa4 16. Qxa4 Bd7 17. Qc4 a5 18. Ne5 Rfc8 19. Nxd7 Qxd7 20. Qa4 Qc7 21. Bd2 Ra7 22. Reb1 Nb8 23. Rb5 Nd7 24. Rxa5 Rxa5 25. Qxa5 Qxa5 26. Rxa5 Nb6 27. Ra7 Bd6 28. Kf1 Kf8 29. Bd3 Rc7 30. Ra6 Rb7 31. c4 Bc7 32. Ke2 Bd8 33. Be4 Rd7 34. Bb4+ Kg8 35. Bc5 Nxc4 36. Bc6 Rc7 37. Bb5 Ne5 38. Ra8 Nc6 39. Bxc6 Rxc6 40. Rxd8+ Kh7 41. Rf8 Kg6 42. Rg8 Ra6 43. Bf8 Ra8 44. Rxg7+ Kf6 45. Rg8 h5 1-0

[Event "FRA-ch opA"]
[Site "Val d'Isere"]
[Date "2004.08.??"]
[Round "7"]
[White "Plane, Boris"]
[Black "Ruffenach, Alain"]
[Result "1-0"]
[WhiteElo "2134"]
[BlackElo "2065"]
[PlyCount "75"]
[EventDate "2004.08.16"]
[EventType "swiss"]
[EventRounds "9"]
[EventCountry "FRA"]
[SourceTitle "EXT 2005"]
[Source "ChessBase"]
[SourceDate "2004.11.15"]
[SourceVersion "1"]
[SourceVersionDate "2004.11.15"]
[SourceQuality "1"]

1. e4 g6 2. d4 Bg7 3. Nc3 d6 4. Bc4 Nf6 5. Qe2 Nc6 6. d5 Ne5 7. Bb3 Ned7 8. f4 Nb6 9. a4 0-0 10. a5 Bg4 11. Qe3 Nc8 12. h3 Bd7 13. e5 Ne8 14. Nf3 Bh6 15. Qe2 dxe5 16. fxe5 Bxc1 17. Rxc1 e6 18. 0-0 exd5 19. Nxd5 Ne7 20. Nf6+ Nxf6 21. exf6 Nf5 22. Rcd1 Qe8 23. Qd2 Bc6 24. Rfe1 Qd8 25. Qg5 Qc8 26. Ne5 Be8 27. g4 h6 28. Qxg6+ Kh8 29. Qxf5 Qxf5 30. gxf5 Rg8+ 31. Kf2 Rg5 32. Rd3 Rxf5+ 33. Rf3 Rh5 34. Nxf7+ Bxf7 35. Bxf7 Rxa5 36. Re7 Rc5 37. Bg6 Kg8 38. Rh7 1-0

[Event "FRA-chT2 0304"]
[Site "France"]
[Date "2004.02.01"]
[Round "7"]
[White "Soyer, Jean Yves"]
[Black "Plane, Boris"]
[Result "1/2-1/2"]
[WhiteElo "2178"]
[BlackElo "2135"]
[PlyCount "48"]
[EventDate "2003.10.??"]
[EventType "team"]
[EventRounds "11"]
[EventCountry "FRA"]
[SourceTitle "EXT 2005"]
[Source "ChessBase"]
[SourceDate "2004.11.15"]
[SourceVersion "1"]
[SourceVersionDate "2004.11.15"]
[SourceQuality "1"]
[WhiteTeam "Avoine"]
[BlackTeam "Bois Colombes II"]
[WhiteTeamCountry "FRA"]
[BlackTeamCountry "FRA"]

1. c4 e5 2. Nc3 d6 3. Nf3 g6 4. d4 Nd7 5. e4 Bg7 6. Be2 Ngf6 7. 0-0 0-0 8. Re1 Re8 9. Bf1 c6 10. Rb1 a5 11. d5 Nc5 12. Nd2 Qb6 13. Be2 Bh6 14. Qc2 Bd7 15. Nf1 Bxc1 16. Rbxc1 a4 17. h3 Qb4 18. Nd2 Rec8 19. a3 Qb6 20. Qb1 Kg7 21. Nd1 Qa5 22. Nc3 Qb6 23. Nd1 Qa5 24. Nc3 Qb6 1/2-1/2

[Event "FRA-ch op-A"]
[Site "Val d'Isere"]
[Date "2002.08.25"]
[Round "6.3"]
[White "Plane, Boris"]
[Black "Helstroffer, Arnaud"]
[Result "0-1"]
[WhiteElo "2157"]
[BlackElo "2075"]
[PlyCount "78"]
[EventDate "2002.08.20"]
[EventType "swiss"]
[EventRounds "11"]
[EventCountry "FRA"]
[SourceTitle "EXT 2003"]
[Source "ChessBase"]
[SourceDate "2002.11.25"]
[SourceVersion "1"]
[SourceVersionDate "2002.11.25"]
[SourceQuality "1"]

1. e4 c5 2. Nf3 d6 3. d4 cxd4 4. Qxd4 Bd7 5. Bg5 Nc6 6. Qd2 h6 7. Bh4 Qb6 8. Nc3 g5 9. Bg3 Bg7 10. Rb1 Qb4 11. Be2 Bxc3 12. Qxc3 Qxc3+ 13. bxc3 b6 14. h4 g4 15. Nd4 Nf6 16. f3 Nh5 17. Bf2 Nf4 18. Bf1 Ne6 19. h5 gxf3 20. gxf3 Ne5 21. Ba6 Nxd4 22. cxd4 Nxf3+ 23. Ke2 Ng5 24. Kd3 0-0 25. Be3 Bc8 26. Bc4 Kg7 27. Rhg1 f6 28. Rbe1 Bb7 29. Bf4 e5 30. Bd2 Kh7 31. Rgf1 Rac8 32. d5 Rxc4 33. Kxc4 Ba6+ 34. Kb3 Bxf1 35. Bb4 Bg2 36. Bxd6 Rf7 37. c4 Nxe4 38. Ba3 Nc5+ 39. Kc3 Rg7 0-1

[Event "FRA-chT 9900"]
[Site "France"]
[Date "2000.03.31"]
[Round "5.8"]
[White "Plane, Boris"]
[Black "Laurain, Dominique"]
[Result "0-1"]
[WhiteElo "2122"]
[BlackElo "2077"]
[PlyCount "128"]
[EventDate "1999.02.04"]
[EventType "team"]
[EventRounds "11"]
[EventCountry "FRA"]
[SourceTitle "EXT 2001"]
[Source "ChessBase"]
[SourceDate "2000.11.22"]
[SourceVersion "1"]
[SourceVersionDate "2000.11.22"]
[SourceQuality "1"]

1. e4 e6 2. d3 d5 3. Nd2 c5 4. Ngf3 Nc6 5. g3 Bd6 6. Bg2 Nge7 7. 0-0 0-0 8. Re1 Qc7 9. Nf1 Bd7 10. h4 f6 11. Ne3 Rae8 12. Nd2 d4 13. Nec4 Nc8 14. Nxd6 Nxd6 15. Nf3 e5 16. Bd2 Bg4 17. Qb1 c4 18. c3 Rd8 19. cxd4 Bxf3 20. Bxf3 Nxd4 21. Bd1 Qb6 22. b3 cxd3 23. Qxd3 Qb5 24. Qxb5 N6xb5 25. a4 Nc7 26. Rc1 Nce6 27. Bb4 Rf7 28. Bg4 g6 29. Re3 h5 30. Bh3 f5 31. exf5 gxf5 32. Bg2 e4 33. Bf1 Kh7 34. Kh1 Rfd7 35. Bc4 Nf8 36. Rd1 Nc2 37. Rxd7+ Nxd7 38. Be7 Nxe3 39. Bxd8 Nxc4 40. bxc4 Ne5 41. Kg2 Nxc4 42. f3 b6 43. fxe4 fxe4 44. g4 Ne3+ 45. Kg3 Nxg4 46. a5 bxa5 47. Bxa5 Kg6 48. Kf4 e3 49. Be1 a6 50. Ba5 e2 51. Kf3 Kf5 52. Kxe2 Ke4 53. Bd8 Ne5 54. Kd2 Kf3 55. Kc3 Kg4 56. Bf6 Nf3 57. Kb4 Nxh4 58. Ka5 Nf3 59. Kxa6 Ng5 60. Kb5 h4 61. Kc4 h3 62. Be5 Kf3 63. Kd3 Ne4 64. Bh2 Kg2 0-1